000 00551nam a2200193 a 4500
005 20260206064025.0
008 090602s2005 mx r 000 0 spa d
020 _a9685768196
035 _aUPN01000170878
049 _aCG
050 4 _aGV1446
_bM3.2
100 1 _aMayor Gutiérrez, Roberto
245 1 0 _aAjedrez para pequeños maestros /
_cRoberto Mayor Gutiérrez.
260 _aMéxico :
_bTercera edición,
_cc2005.
300 _a205 p. :
_bil.
650 4 _aAjedrez
_xEstudio y enseñanza
_91977
650 2 _aAjedrez
_91976
905 _aLibro
999 _c142983
_d142983